000 00945nam a2200301 i 4500
001 000039149
003 DO-SdBNP
005 20260327082547.0
007 ta
008 130528s2012 dr ac 000 0 spa d
020 _a9789945007176
020 _a9789945007176
040 _aDO-SdBNP
_bspa
_cBNPHU
_erda
041 _aspa
082 4 _axxx
_bxxx
_222
100 1 _aDíaz, José,
_eautor
_4aut.
_99448
245 1 0 _aNi santo ni mesías :
_bsolo Juan Bosch /
_cJosé Díaz.
250 _aprimera edición
260 _aSanto Domingo :
_bEditora Búho,
_c2012.
264 4 _aSanto Domingo :
_bEditora Búho,
_c©2012.
300 _a353 páginas :
_bilustraciones, retratos ;
_c23 cm.
336 _atexto
_btxt
_2rdacontent
337 _asin mediación
_bn
_2rdamedia
338 _avolumen
_bnc
_2rdacarrier
500 _aIncluye datos biográficos del autor en la solapa de la cubierta
590 _aInventariado, 2026/BT
942 _2ddc
_cLBS1
999 _c38639
_d38639